000
00250nam a2200109 a 4500
008
091103s1986|||| d
100
1
_a
Andričík, J.
245
1
0
_a
Cesta za slnkom
260
_b
Mladé letá
_a
Bratislava
_c
1986
020
_c
20
041
_a
slo
999
_c
2
_d
2